[Event "It (cat.8)"]
[Site "masterchessopen.com Gyula (Hungary)"]
[Round "11"]
[White "Lauber Arnd (GER)"]
[Black "Anka Emil (HUN)"]
[Result "0-1"]
[WhiteElo "2325"]
[BlackElo "2430"]

1.d4 Nf6 2.c4 e6 3.Nc3 Bb4 4.a3 Bxc3+ 5.bxc3 c5 6.f3 d5 7.cxd5 Nxd5 8.Qd2 O-O
9.e4 Nf6 10.a4 Nfd7 11.Bd3 b6 12.e5 Nc6 13.Ne2 Qh4+ 14.g3 Qe7 15.O-O Bb7
16.Qc2 h6 17.f4 f5 18.d5 Na5 19.c4 exd5 20.cxd5 c4 21.Bxf5 Qc5+ 22.Rf2 Qxd5
23.Kf1 Rxf5 {#R} 0-1

[Event "It (open)"]
[Site "masterchessopen.com Linz (Austria)"]
[Round "1"]
[White "Malaniuk Vladimir P (UKR)"]
[Black "Springer Karl (AUT)"]
[Result "1-0"]
[WhiteElo "2615"]
[BlackElo "2099"]

1.d4 Nf6 2.c4 e6 3.Nc3 Bb4 4.f3 d5 5.a3 Bxc3+ 6.bxc3 c5 7.cxd5 Nxd5 8.dxc5 Qc7
9.e4 Nf6 10.Qd6 Qa5 11.Ne2 Nfd7 12.Be3 e5 13.Kf2 Nc6 14.a4 Nf6 15.Ng3 a6
16.Bb5 axb5 17.axb5 Qxa1 18.Rxa1 Rxa1 19.bxc6 Ra2+ 20.Ke1 bxc6 21.Qxe5+ Kd8
22.Qd6+ Bd7 23.Qb8+ Bc8 24.Bf4 Ne8 25.Nf5 {#r} 1-0

[Event "Memorial M.Chigorin"]
[Site "masterchessopen.com St. Petersburg (Russia)"]
[Round "9"]
[White "Yurtaev Leonid (KGZ)"]
[Black "Kochyev Alexander (RUS)"]
[Result "1-0"]
[WhiteElo "2520"]
[BlackElo "2430"]

1.d4 Nf6 2.c4 e6 3.Nc3 Bb4 4.a3 Bxc3+ 5.bxc3 c5 6.f3 d5 7.cxd5 Nxd5 8.dxc5 Qa5
9.e4 Ne7 10.Be3 O-O 11.Qb3 Nbc6 12.Rd1 f5 13.Nh3 fxe4 14.fxe4 Kh8 15.Be2 b6
16.Nf2 Ba6 17.Bxa6 Qxa6 18.Rd6 Na5 19.Qxe6 Nf5 20.exf5 Rae8 21.Nd3 Nc4 22.Ke2
Rxe6 23.fxe6 Qb7 24.Rf1 Qxg2+ 25.Rf2 Qg4+ 26.Ke1 Qg1+ 27.Ke2 Qg4+ 28.Ke1 Re8
29.e7 Qh4 30.Bg5 Rxe7+ 31.Bxe7 Qxe7+ 32.Re2 Qh4+ 33.Kd1 Nxd6 34.cxd6 Qa4+
35.Kd2 Qc6 36.Re7 Qg2+ 37.Kc1 Qc6 38.Kb2 Qg2+ 39.Kb1 Qg6 40.Kc2 Qg2+ 41.Kc1
Qg5+ 42.Kd1 h6 43.Re4 Qg1+ 44.Ne1 Qxh2 45.d7 Qh5+ 46.Kc2 {#r} 1-0

[Event "Staatsliga B South 1998/99"]
[Site "masterchessopen.com Austria"]
[Round "1"]
[White "Rudolph Johannes (GER)"]
[Black "Lendwai Reinhard (AUT)"]
[Result "0-1"]
[WhiteElo "2288"]
[BlackElo "2375"]

1.d4 Nf6 2.c4 e6 3.Nc3 Bb4 4.f3 d5 5.a3 Bxc3+ 6.bxc3 c5 7.cxd5 Nxd5 8.dxc5 Qa5
9.e4 Ne7 10.Be3 O-O 11.Qb3 Na6 12.Bb5 e5 13.Bc4 Nc6 14.Ne2 Nxc5 15.Qb5 Qxb5
16.Bxb5 Nb3 17.Rd1 Be6 18.Kf2 Rfc8 19.f4 exf4 20.Nxf4 Ne5 21.Nxe6 Ng4+ 22.Kf3
Nxe3 23.Rd8+ Rxd8 24.Nxd8 Rxd8 25.Kxe3 Rc8 26.Rd1 Rxc3+ 27.Kf4 g6 28.Ke5 Kg7
29.Rd3 Rc5+ 30.Rd5 Rc7 31.Rd7 Rxd7 32.Bxd7 Nc5 33.Bb5 Kf8 34.Kd6 Nxe4+ 35.Kc7
a6 36.Bc4 b5 37.Bd5 Nc3 38.Bb7 a5 39.Kb6 b4 40.axb4 axb4 {#R} 0-1

[Event "It (open)"]
[Site "masterchessopen.com Corte Ingles (Spain)"]
[Round "0"]
[White "Solana Suarez Ernesto (ESP)"]
[Black "Gomez Esteban Juan Mario (ESP)"]
[Result "0-1"]
[WhiteElo "2285"]
[BlackElo "2475"]

1.d4 Nf6 2.c4 e6 3.Nc3 Bb4 4.f3 d5 5.a3 Bxc3+ 6.bxc3 c5 7.cxd5 Nxd5 8.dxc5 Qa5
9.e4 Ne7 10.Be3 O-O 11.Qb3 Qc7 12.a4 Nec6 13.f4 Na5 14.Qb4 Na6 15.Qa3 e5
16.fxe5 Qxe5 17.Bd3 Nc4 18.Nf3 Qe7 19.Bxc4 Qxe4 20.Bxa6 Qxe3+ 21.Be2 Re8
22.Nd4 Bg4 23.Ra2 Rad8 24.Qb2 Bxe2 25.Nxe2 Rd3 26.Rf1 Rxc3 27.Qd2 Rc1+ {#R}
0-1

[Event "It (open) (a)"]
[Site "masterchessopen.com Eforie Nord (Romania)"]
[Round "0"]
[White "Bodnar Ovidiu (ROM)"]
[Black "Zhidkov Valery S (UKR)"]
[Result "0-1"]
[WhiteElo "2133"]
[BlackElo "2400"]

1.d4 Nf6 2.c4 e6 3.Nc3 Bb4 4.a3 Bxc3+ 5.bxc3 c5 6.f3 d5 7.cxd5 Nxd5 8.Qd3 Nc6
9.e4 Nb6 10.dxc5 Nd7 11.Bf4 O-O 12.Bd6 Re8 13.Qe3 Qa5 14.Nh3 b6 15.cxb6 Nxb6
16.Qc5 Bd7 17.Qxa5 Nxa5 18.Ba6 Nac4 19.e5 Ba4 20.f4 Rad8 21.Bc7 Rd5 22.Bxb6
Nxb6 23.Ng5 Red8 24.O-O Ra5 25.Be2 Nd5 26.Rf3 h6 27.Ne4 Rb8 28.c4 Ne7 29.Nd6
Bc6 30.Rd3 Rb2 31.Bf3 Bxf3 32.Rxf3 Nc6 33.Rc3 {#R} 0-1

[Event "Ch Finland (team) (I Division)"]
[Site "masterchessopen.com Finland"]
[Round "2"]
[White "Aaltio Erkki (FIN)"]
[Black "Raaste Eero J (FIN)"]
[Result "0-1"]
[WhiteElo "2133"]
[BlackElo "2335"]

1.d4 Nf6 2.c4 e6 3.Nc3 Bb4 4.a3 Bxc3+ 5.bxc3 c5 6.f3 d5 7.cxd5 Nxd5 8.Qd3 b6
9.e4 Ne7 10.Be3 Ba6 11.Qd2 Bxf1 12.Kxf1 Nd7 13.Ne2 O-O 14.Kf2 Qc7 15.h4 Rad8
16.Rh3 f5 17.Kg1 Qc6 18.Bg5 Rde8 19.Qe3 Nf6 20.e5 Nfd5 21.Qd2 Rf7 22.h5 h6
23.Bh4 cxd4 24.cxd4 Rc8 25.Rc1 Qd7 26.g4 Rxc1+ 27.Nxc1 fxg4 28.fxg4 Qb5 29.Bf2
Qb1 30.Rg3 Nf4 31.Kh2 Ned5 32.Ne2 Nxh5 33.Nc3 Qf1 34.Rg2 {#R} 0-1

[Event "Memorial Karl Wagner (open)"]
[Site "masterchessopen.com Graz (Austria)"]
[Round "2"]
[White "Romaszko-Van Den Heuvel Sylwia (POL)"]
[Black "Alienkin Aleksander (RUS)"]
[Result "0-1"]
[WhiteElo "2085"]
[BlackElo "2365"]

1.d4 Nf6 2.c4 e6 3.Nc3 Bb4 4.a3 Bxc3+ 5.bxc3 c5 6.f3 d5 7.cxd5 Nxd5 8.Qd3 O-O
9.e4 Nb6 10.Be3 Na4 11.Qd2 Qa5 12.Bd3 b6 13.Ne2 Ba6 14.Bxa6 Nxa6 15.O-O Nc7
16.Rfc1 Rad8 17.Rc2 Nb5 18.Qc1 Naxc3 19.Nxc3 Nxc3 20.Bg5 cxd4 21.Bxd8 Rxd8
22.Qd2 b5 23.Rac1 e5 24.Kh1 Re8 25.f4 f6 26.fxe5 fxe5 27.Ra1 Rd8 28.Rcc1 Qa4
29.Qg5 Re8 30.Qg4 Qc4 31.Qd7 Qf7 32.Qc6 Rf8 33.Re1 h6 34.Qc5 Nxe4 35.Qxb5 Nf2+
36.Kg1 e4 37.Rf1 e3 38.Rad1 d3 39.Rfe1 Nxd1 40.Rxd1 Qf2+ {#R} 0-1

[Event "It (open) \"]
[Site "masterchessopen.com Paris (France)"]
[Round "0"]
[White "Nguyen Chi-Minh (FRA)"]
[Black "Spiridonov Nikola (BUL)"]
[Result "0-1"]
[WhiteElo "2401"]
[BlackElo "2405"]

1.d4 Nf6 2.c4 e6 3.Nc3 Bb4 4.f3 d5 5.a3 Bxc3+ 6.bxc3 c5 7.cxd5 Nxd5 8.Qd2 f5
9.Nh3 Nc6 10.Rb1 cxd4 11.cxd4 Qh4+ 12.g3 Qxd4 13.Qxd4 Nxd4 14.Bb2 e5 15.Kf2
Nc6 16.e3 h6 17.Bb5 f4 18.exf4 Bxh3 19.Rhe1 O-O 20.g4 Nxf4 21.Kg3 h5 22.Bxe5
Nxe5 23.Rxe5 h4+ 24.Kf2 Bxg4 25.Bc4+ Kh7 26.fxg4 Nd3+ {#R} 0-1

[Event "It (open)"]
[Site "masterchessopen.com Singapore"]
[Round "4"]
[White "Molnar Aurel (HUN)"]
[Black "Sawalani Navin (SIN)"]
[Result "1-0"]
[WhiteElo "2210"]
[BlackElo "2245"]

1.d4 Nf6 2.c4 e6 3.Nc3 Bb4 4.f3 d5 5.a3 Bxc3+ 6.bxc3 c5 7.cxd5 Nxd5 8.dxc5 Qa5
9.e4 Ne7 10.Be3 Nd7 11.Qd4 O-O 12.Nh3 Nc6 13.Qc4 Nde5 14.Qb3 Nd7 15.Bb5 e5
16.O-O Nf6 17.Nf2 Be6 18.Bc4 Bxc4 19.Qxc4 Rfd8 20.Bg5 Rac8 21.f4 Ne7 22.Rad1
Ng6 23.f5 Nf8 24.Be3 Rxd1 25.Rxd1 Qxa3 26.g4 Qa5 27.g5 Nh5 28.Ng4 Qc7 29.f6
gxf6 30.gxf6 Ne6 31.Rd5 Kh8 32.Nxe5 Nxf6 33.Rd6 Qxd6 34.Nxf7+ {#r} 1-0

[Event "Ukrainian Games"]
[Site "masterchessopen.com Alushta (Ukraine)"]
[Round "0"]
[White "Moskalenko Viktor (UKR)"]
[Black "Rogovski Vladimir (UKR)"]
[Result "1-0"]
[WhiteElo "2471"]
[BlackElo "2465"]

1.d4 Nf6 2.c4 e6 3.Nc3 Bb4 4.f3 d5 5.a3 Bxc3+ 6.bxc3 c5 7.cxd5 Nxd5 8.dxc5 f5
9.e4 fxe4 10.Qc2 e3 11.Bd3 Nd7 12.Ne2 Nxc5 13.O-O Bd7 14.Be4 Rc8 15.Bxd5 exd5
16.Bxe3 O-O 17.Nd4 Na4 18.Bd2 Rc4 19.Rfb1 Qc7 20.Rb4 Rc8 21.Rc1 Qe5 22.Rxc4
Rxc4 23.Kh1 Qd6 24.Qb3 Nc5 25.Qb1 Qa6 26.Re1 Ra4 27.Qc2 Bc6 28.Nxc6 Qxc6
29.Be3 Ne6 30.Bg1 Ra6 31.Re5 Nc7 32.Qb3 Qd6 33.Re1 b5 34.Ra1 Ra4 35.h3 Qc6
36.Bh2 Ne6 37.Re1 Rc4 38.Be5 Nc5 39.Qb1 a6 40.Qf5 Qd7 41.Qb1 Na4 42.Qd3 Rc6
43.Bd4 Re6 44.Qd2 h6 45.Rxe6 Qxe6 46.Qf4 Qc6 47.Qg4 Qc7 48.Qg6 {#r} 1-0

[Event "Ch Spain (team) (2-4 Div)"]
[Site "masterchessopen.com Cala Galdana (Spain)"]
[Round "9"]
[White "Cano Sanchez Josue (ESP)"]
[Black "Baron Rodriguez Jesus (ESP)"]
[Result "1-0"]
[WhiteElo "2277"]
[BlackElo "2409"]

1.d4 Nf6 2.c4 e6 3.Nc3 Bb4 4.a3 Bxc3+ 5.bxc3 c5 6.f3 d5 7.cxd5 Nxd5 8.dxc5 Qa5
9.e4 Ne7 10.Be3 O-O 11.Qb3 Nbc6 12.Nh3 Qc7 13.Be2 e5 14.Nf2 Be6 15.Qa4 f5
16.Bc4 Bxc4 17.Qxc4+ Kh8 18.Bg5 Ng6 19.exf5 Rxf5 20.Ne4 Raf8 21.O-O Na5 22.Qe6
b6 23.Be3 bxc5 24.Bxc5 Nf4 25.Qe7 Qc8 26.Qxa7 Nc6 27.Qb6 R8f6 28.Nxf6 Rxf6
29.Qb5 Rg6 30.Ra2 Qh3 31.Rff2 Qf5 32.Kh1 Nd3 33.Rfd2 e4 34.fxe4 Qf1+ 35.Bg1
Rd6 36.Qf5 Qxf5 37.exf5 Kg8 38.Rab2 Nce5 39.Rb8+ Kf7 40.Bd4 Ra6 41.Rb7+ {#r}
1-0

[Event "It \"]
[Site "masterchessopen.com Jyvaskyla (Finland)"]
[Round "0"]
[White "Salmela Hannu (FIN)"]
[Black "Lugovoi Aleksei (RUS)"]
[Result "0-1"]
[WhiteElo "2041"]
[BlackElo "2509"]

1.d4 Nf6 2.c4 e6 3.Nc3 Bb4 4.f3 d5 5.a3 Bxc3+ 6.bxc3 c5 7.cxd5 Nxd5 8.Qd3 cxd4
9.cxd4 b6 10.e4 Ba6 11.Qb3 Bxf1 12.Kxf1 Ne7 13.Be3 Nbc6 14.Ne2 Rc8 15.Kf2 Na5
16.Qb5+ Qd7 17.Qxd7+ Kxd7 18.Rac1 Rc4 19.Bd2 Rxc1 20.Rxc1 Nb3 21.Rc2 Nxd2
22.Rxd2 Rc8 23.Ke3 Rc4 24.Rd3 b5 25.Rc3 Rxc3+ 26.Nxc3 a6 27.Kd3 Kc6 28.Nd1 Nc8
29.Kc3 a5 30.Ne3 Nd6 31.Kb3 f5 32.d5+ exd5 33.exd5+ Kc5 34.f4 Kd4 35.Nc2+ Kxd5
36.Kc3 Ke4 37.g3 h5 38.Ne1 Ke3 39.Nc2+ Kf2 40.Kd4 Kg2 41.Ke5 Kxh2 42.Kxd6 Kxg3
43.a4 bxa4 44.Ke5 h4 45.Ne3 h3 {#R} 0-1

[Event "Ch Croatia (team) (1st league)"]
[Site "masterchessopen.com Pula (Croatia)"]
[Round "3"]
[White "Lazovic Gordan (CRO)"]
[Black "Zelcic Robert (CRO)"]
[Result "1-0"]
[WhiteElo "2319"]
[BlackElo "2561"]

1.d4 Nf6 2.c4 e6 3.Nc3 Bb4 4.a3 Bxc3+ 5.bxc3 c5 6.f3 d5 7.cxd5 exd5 8.e3 O-O
9.Bd3 b6 10.Ne2 Ba6 11.O-O Bxd3 12.Qxd3 Nc6 13.e4 cxd4 14.cxd4 dxe4 15.fxe4
Qe7 16.Ng3 Rad8 17.Bb2 Rfe8 18.Rae1 Ne5 19.Qb3 Ng6 20.Nf5 Qd7 21.Qf3 Re6 22.d5
Rxe4 23.Nh6+ Kf8 24.Rxe4 Nxe4 25.Nxf7 Nd2 26.Bxg7+ Ke8 27.Nd6+ {#r} 1-0

[Event "It (open)"]
[Site "masterchessopen.com Tampere (Finland)"]
[Round "3"]
[White "Aaltio Erkki (FIN)"]
[Black "Sammalvuo Tapani (FIN)"]
[Result "0-1"]
[WhiteElo "2133"]
[BlackElo "2393"]

1.d4 Nf6 2.c4 e6 3.Nc3 Bb4 4.f3 d5 5.a3 Bxc3+ 6.bxc3 c5 7.cxd5 Nxd5 8.Qd3 b6
9.e4 Ba6 10.Qc2 Bxf1 11.Kxf1 Ne7 12.Be3 cxd4 13.cxd4 O-O 14.Ne2 Nbc6 15.Rd1
Rc8 16.Qd3 Qd7 17.Kf2 f5 18.Rhe1 fxe4 19.Qxe4 Nd5 20.Bc1 Na5 21.Rd3 Nb7 22.Nf4
Rxc1 23.Rxc1 Nxf4 24.Rd2 Nd6 25.Qc6 Qe7 26.Rcc2 Nd5 27.Qa4 Ne4+ {#R} 0-1

[Event "It (open)"]
[Site "masterchessopen.com Badalona (Spain)"]
[Round "7"]
[White "Moskalenko Viktor (UKR)"]
[Black "Jerez Perez Alfonso (ESP)"]
[Result "1-0"]
[WhiteElo "2508"]
[BlackElo "2386"]

1.d4 Nf6 2.c4 e6 3.Nc3 Bb4 4.f3 d5 5.a3 Bxc3+ 6.bxc3 c5 7.cxd5 Nxd5 8.dxc5 Qa5
9.e4 Nf6 10.Be3 O-O 11.Qb3 Nfd7 12.a4 Qc7 13.Qa3 Nc6 14.a5 f5 15.Nh3 fxe4
16.fxe4 Nf6 17.Nf2 Ne5 18.Be2 Bd7 19.O-O Bb5 20.Qa2 Bxe2 21.Qxe2 Nfd7 22.a6
bxa6 23.Nd3 Rxf1+ 24.Rxf1 Nxd3 25.Qxd3 Nxc5 26.Qc4 Rc8 27.Rf5 Nb7 28.Qxe6+ Kh8
29.Bd4 Rg8 30.Rf7 Qd6 31.Rxg7 {#r} 1-0

[Event "Ch Austria"]
[Site "masterchessopen.com Frohnleiten (Austria)"]
[Round "8"]
[White "Karner Christoph (AUT)"]
[Black "Mahdi Khaled (AUT)"]
[Result "0-1"]
[WhiteElo "2280"]
[BlackElo "2381"]

1.d4 Nf6 2.c4 e6 3.Nc3 Bb4 4.f3 d5 5.a3 Bxc3+ 6.bxc3 c5 7.cxd5 Nxd5 8.Qd3 O-O
9.e4 Ne7 10.Nh3 Nbc6 11.Be3 Qa5 12.dxc5 e5 13.Nf2 Be6 14.Be2 Rad8 15.Qc2 Nd4
16.Bxd4 exd4 17.Nd3 Nc6 18.Rc1 Bc4 19.Nb4 Bxe2 20.Qxe2 Qxc5 21.O-O dxc3+
22.Qf2 Qxf2+ 23.Rxf2 Nxb4 24.axb4 Rd4 25.Rxc3 Rxb4 26.Rd2 a5 27.Rd5 a4 28.Ra5
g6 29.Ra7 Rd8 30.Rc7 Rb2 31.h4 Rdd2 32.Rcxb7 Rxg2+ 33.Kh1 Rh2+ 34.Kg1 Rbg2+
35.Kf1 Ra2 36.Kg1 Rhg2+ 37.Kh1 Rgf2 38.Rb1 Rxf3 39.e5 Re2 40.h5 Rh3+ 41.Kg1
Rxh5 42.Rf1 Rexe5 {#R} 0-1

[Event "It (open)"]
[Site "masterchessopen.com Liechtenstein"]
[Round "6"]
[White "Formanek Edward W (USA)"]
[Black "Kohlweyer Bernd (GER)"]
[Result "0-1"]
[WhiteElo "2298"]
[BlackElo "2455"]

1.d4 Nf6 2.c4 e6 3.Nc3 Bb4 4.f3 d5 5.a3 Bxc3+ 6.bxc3 c5 7.cxd5 exd5 8.e3 Qc7
9.Ra2 Be6 10.Bd3 Nc6 11.Ne2 O-O-O 12.O-O Kb8 13.a4 Ka8 14.Bd2 h5 15.Qc1 Rc8
16.Qa3 Na5 17.Rc1 Nd7 18.Rb1 g5 19.Rb5 a6 20.Rb1 Nb6 21.Raa1 Nbc4 22.Qa2 Qd7
23.Rd1 g4 24.f4 Bf5 25.Nc1 Rhe8 26.Re1 Bxd3 27.Nxd3 Nxd2 28.Qxd2 cxd4 29.Ne5
Qc7 30.Ra2 f6 {#R} 0-1

[Event "It (open)"]
[Site "masterchessopen.com Navalmoral (Spain)"]
[Round "9"]
[White "Pomes Marcet Juan (ESP)"]
[Black "Campora Daniel H (ARG)"]
[Result "1-0"]
[WhiteElo "2388"]
[BlackElo "2526"]

1.d4 Nf6 2.c4 e6 3.Nc3 Bb4 4.f3 d5 5.a3 Bxc3+ 6.bxc3 c5 7.cxd5 exd5 8.e3 O-O
9.Bd3 b6 10.Ne2 Ba6 11.Bxa6 Nxa6 12.Qd3 Nc7 13.O-O Re8 14.a4 Qd7 15.Ng3 Ne6
16.Bd2 Rac8 17.Rfb1 cxd4 18.cxd4 Rc4 19.Qb3 h5 20.h4 Rec8 21.a5 b5 22.a6 Nc7
23.Ne2 Rc6 24.Be1 Rb6 25.Ra5 b4 26.Nf4 Rxa6 27.Qa2 Rb6 28.Rxa7 Qe8 29.Qe2 b3
30.Ba5 Ne6 31.Bxb6 Nxf4 32.Qe1 b2 33.Rc7 Ra8 34.Rc2 Nd3 35.Qd2 Qb5 36.Bc5 Ra1
37.Qd1 {#r} 1-0

[Event "Ch Peru (regional)"]
[Site "masterchessopen.com Peru"]
[Round "0"]
[White "Galvan Jesus (PER)"]
[Black "Torres Jean Pierre (PER)"]
[Result "0-1"]
[WhiteElo "2171"]
[BlackElo "2200"]

1.d4 Nf6 2.c4 e6 3.Nc3 Bb4 4.a3 Bxc3+ 5.bxc3 c5 6.f3 d5 7.cxd5 Nxd5 8.dxc5 Qa5
9.e4 Ne7 10.Be3 O-O 11.Qb3 Nd7 12.Qb4 Qc7 13.Bb5 Nc6 14.Qb1 Qe5 15.Ne2 a6
16.f4 Qc7 17.Bd3 Na5 18.e5 g6 19.Qb4 Nc6 20.Qa4 Rd8 21.Be4 Ne7 22.Rd1 Nf8
23.O-O Bd7 24.Qb3 Bc6 25.Bc2 Rxd1 26.Rxd1 Rd8 27.Rd6 Nc8 28.Rd4 Nd7 29.Rd1 Kg7
30.Qb4 Ne7 31.Bf2 Rc8 32.c4 h5 33.Qc3 Rb8 34.f5 gxf5 35.Qg3+ Ng6 36.Nf4 Rg8
37.Qg5 Kf8 38.Qh6+ Ke8 39.Nxh5 Qxe5 40.Bd4 Qe2 41.Qd2 Qxh5 {#R} 0-1

[Event "It \"]
[Site "masterchessopen.com Philadelphia (USA)"]
[Round "5"]
[White "Solon Nathan (USA)"]
[Black "Sarkar Justin (USA)"]
[Result "0-1"]
[WhiteElo "2278"]
[BlackElo "2357"]

1.d4 e6 2.c4 Nf6 3.Nc3 Bb4 4.f3 d5 5.a3 Bxc3+ 6.bxc3 c5 7.cxd5 Nxd5 8.Qd3 b6
9.e4 Ba6 10.Qd2 Bxf1 11.Kxf1 Ne7 12.Ne2 Nbc6 13.Kf2 Na5 14.Qd3 O-O 15.Rd1 Qd7
16.a4 f5 17.Kg1 fxe4 18.fxe4 e5 19.d5 Rae8 20.Ng3 Nc8 21.Be3 Nd6 22.Re1 Rf7
23.Nf1 Nac4 24.a5 Nxa5 25.Rxa5 c4 {#R} 0-1

[Event "It (open)"]
[Site "masterchessopen.com Presov (Slovakia)"]
[Round "9"]
[White "Likavsky Tomas (SVK)"]
[Black "Bartel Mateusz (POL)"]
[Result "1-0"]
[WhiteElo "2409"]
[BlackElo "2313"]

1.d4 Nf6 2.c4 e6 3.Nc3 Bb4 4.f3 d5 5.a3 Bxc3+ 6.bxc3 c5 7.cxd5 Nxd5 8.dxc5 Qc7
9.e4 Nf6 10.Qd6 Qa5 11.Ne2 Bd7 12.Rb1 Bc6 13.Nd4 Nbd7 14.Nxc6 bxc6 15.Be3
Qxc3+ 16.Kf2 Ne5 17.h3 Nfd7 18.Be2 Rd8 19.Rhd1 Nc4 20.Bxc4 Qxc4 21.Rb7 {#r}
1-0

[Event "Ch Croatia (team) (1st league)"]
[Site "masterchessopen.com Pula (Croatia)"]
[Round "2"]
[White "Ulibin Mikhail (RUS)"]
[Black "Hulak Krunoslav (CRO)"]
[Result "1-0"]
[WhiteElo "2583"]
[BlackElo "2510"]

1.d4 Nf6 2.c4 e6 3.Nc3 Bb4 4.f3 d5 5.a3 Bxc3+ 6.bxc3 c5 7.cxd5 Nxd5 8.dxc5 Qa5
9.e4 Nc7 10.Qd4 f6 11.Qb4 Nc6 12.Qxa5 Nxa5 13.Rb1 Bd7 14.Ne2 Na6 15.Be3 O-O
16.Nf4 Kf7 17.Bb5 Rfd8 18.Ke2 Nc7 19.Bd3 Rab8 20.Rb2 Bc6 21.c4 Bd7 22.Rhb1 Bc8
23.Nd5 exd5 24.cxd5 Ra8 25.Bd2 b6 26.cxb6 axb6 27.Rxb6 Bd7 28.Rc1 Nb5 29.Bxb5
Nb3 30.Rc7 Nd4+ 31.Kf2 Nxb5 32.Rxb5 Rxa3 33.Rbb7 Ke8 34.Kg3 Ra2 35.Bc3 Rc2
36.h4 h5 37.Kh2 Rc1 38.f4 {#r} 1-0

[Event "It (open)"]
[Site "masterchessopen.com Sitges (Spain)"]
[Round "6"]
[White "Moskalenko Viktor (UKR)"]
[Black "Mitkov Nikola (MKD)"]
[Result "1-0"]
[WhiteElo "2508"]
[BlackElo "2532"]

1.d4 Nf6 2.c4 e6 3.Nc3 Bb4 4.f3 d5 5.a3 Bxc3+ 6.bxc3 c5 7.cxd5 exd5 8.e3 Qc7
9.Ne2 cxd4 10.cxd4 Bf5 11.g4 Bc2 12.Qd2 h6 13.a4 Bh7 14.Ba3 Nc6 15.Nc3 a6
16.Rc1 Qa5 17.Be2 O-O-O 18.Qb2 Rhe8 19.Kf2 Re6 20.Bc5 Rd7 21.Bb6 Qb4 22.Qxb4
Nxb4 23.Nxd5+ Nc2 24.Nxf6 Rxf6 25.Bc5 b6 26.Bd1 bxc5 27.Bxc2 Bxc2 28.Rxc2 Rb6
29.Rxc5+ Kd8 30.Rhc1 Rdb7 31.h4 Kd7 32.Kg3 Rb4 33.a5 Ra4 34.Rd5+ Ke6 35.e4 Rb5
36.Rc6+ Ke7 37.Rc7+ Ke6 38.Rdd7 f6 39.h5 Rb3 40.Kf4 f5 41.gxf5+ {#r} 1-0

[Event "Memorial M.Chigorin (open)"]
[Site "masterchessopen.com St. Petersburg (Russia)"]
[Round "4"]
[White "Volkov Sergey Viktorovich (RUS)"]
[Black "Ulko Jaroslav (RUS)"]
[Result "0-1"]
[WhiteElo "2554"]
[BlackElo "2456"]

1.d4 Nf6 2.c4 e6 3.Nc3 Bb4 4.f3 d5 5.a3 Bxc3+ 6.bxc3 c5 7.cxd5 Nxd5 8.dxc5 Qa5
9.e4 Nc7 { !? Smyslov } ( 9...Ne7 10.Be3 O-O 11.Qb3 Qc7 12.a4 { ?/= } ) (
9...Nf6 10.Be3 O-O 11.Qb3 Nfd7 12.a4 { ?/= } ) 10.Qd4 f6 11.Qb4 Nc6 12.Qxa5
Nxa5 13.Rb1 Bd7 ( 13...e5 { ?! ? ?e6 } 14.f4 { ! } 14...exf4 ( 14...Be6
15.fxe5 O-O-O 16.Nf3 { ± } ) 15.Bxf4 Ne6 16.Bd6 Bd7 17.Nf3 Rc8 18.e5 { ? } )
14.c4 { DA } 14...Ba4 { !?N } ( 14...O-O-O 15.Bd2 Nc6 16.Ne2 Be8 17.Nc3 Na6
18.Be3 Nd4 19.Kf2 Nc2 20.c6 Bxc6 21.Bxa7 { ? Murshed - Farago, Polanica Zdroj
1986 } ) 15.Rb4 ( 15.Bd2 Nb3 { ? } ) ( 15.Ne2 O-O-O 16.Nc3 Bb3 { ? } )
15...Bb3 16.Nh3 O-O-O 17.Be2 Ba2 { ? ?a6 } 18.Nf4 Rhe8 19.Nh5 { !? } ( 19.c6
b6 { !? ? ?d6-c6,?a6 } ( 19...Nxc6 { ?? } 20.Rb2 { +?? } ) ( 19...bxc6 20.Be3
{ ± } ) ) 19...Re7 ( 19...Rd7 { ? } 20.c6 { ! } ) 20.e5 { ! } 20...Rf7 21.exf6
gxf6 22.Kf2 Nb3 ( 22...Na6 { ? } 23.Rb2 Bxc4 24.Bd2 { ! } 24...Bxe2 25.Bxa5
Rd1 ( 25...Rd5 26.Nf4 Rxc5 27.Bb4 Nxb4 28.axb4 Rc4 29.Nxe2 { +?? } ) 26.Rxd1
Bxd1 27.Rd2 b6 ( 27...Rd7 28.Rxd7 Kxd7 29.Nxf6+ Kc6 30.Nxh7 { +?? } ) 28.cxb6
axb6 29.Bc3 { ± } ) 23.Be3 Na6 24.Ra4 ( 24.Rb5 Nc7 25.Rb4 Na6 { = } )
24...Nbxc5 25.Bxc5 Nxc5 26.Rxa7 Kc7 27.Ra5 Kc6 { ! } 28.Ke3 b6 29.Rb5 Ra8
30.Kf2 Rxa3 31.Ra1 Ra4 32.Rb2 Bb3 33.Rxa4 Bxa4 34.g4 { !? } 34...e5 35.h4 Ne6
36.Ra2 ( 36.Bd3 Nc5 37.Be2 { = } ( 37.Bf5 Bb3 38.Be6 Nxe6 39.Rxb3 Nd4 40.Ra3
Kc5 { ? } ) ) 36...Bb3 37.Ra8 f5 { ! } 38.g5 Nd4 { DA } 39.Bf1 { ?! } ( 39.Nf6
{ ! } 39...Nxe2 40.Kxe2 Bxc4+ 41.Kd2 ( 41.Ke3 f4+ 42.Kd2 Be6 43.h5 Bf5 44.Re8
Kd6 45.Rd8+ Kc6 { = } ) 41...Rg7 { ! } ( 41...Bd5 42.h5 { ! } 42...Bxf3 43.g6
hxg6 ( 43...Rxf6 44.gxh7 Rh6 45.h8=Q Rxh8 46.Rxh8 f4 47.h6 Be4 48.Rg8 { ! } (
48.h7 Kb5 { ! } ) 48...b5 49.Rg7 b4 50.h7 Bxh7 51.Rxh7 b3 52.Rh3 { +?? } )
44.h6 e4 45.h7 Rxh7 46.Nxh7 f4 47.Rf8 { +?? } ) 42.Rc8+ ( 42.Rh8 Ra7 { ! }
43.Rxh7 Ra2+ 44.Kc3 b5 45.h5 Ra3+ 46.Kc2 Rxf3 47.g6 b4 { ? } ) 42...Kb5 43.Re8
e4 44.fxe4 fxe4 45.Rxe4 Kc5 { = } ) 39...Bd1 { ! } 40.Nf6 ( 40.Bg2 { !? }
40...e4 41.fxe4 Bxh5 42.exf5+ Kc5 43.Rc8+ Kb4 44.f6 Nf5 45.Bd5 Ra7 { ? } )
40...Bxf3 41.Rh8 { ? } ( 41.h5 { ! } 41...Kc5 ( 41...e4 42.Rc8+ { ! } ( 42.g6
hxg6 43.h6 f4 44.h7 e3+ 45.Kg1 Rxh7 46.Nxh7 e2 47.Bxe2 Bxe2 { ? } ) 42...Kb7
43.Re8 Kc6 44.Ke3 { ! } ( 44.g6 hxg6 45.h6 f4 { ! } ) 44...Nc2+ 45.Kf4 { ± } )
( 41...f4 42.Rc8+ Kb7 43.Re8 Bc6 44.Rxe5 Nf3 45.Rf5 Nxg5 46.Rxg5 Rxf6 47.Rg7+
Kb8 48.Rxh7 { ? } ) 42.Rc8+ Bc6 { ! } 43.g6 hxg6 44.h6 Ra7 { ! } 45.h7 Ra2+
46.Ke1 Rh2 47.h8=Q Nc2+ { ! } 48.Kd1 Ne3+ 49.Ke1 ( 49.Kc1 Rxh8 50.Rxh8 Nxf1 {
? } ) 49...Nc2+ { = } ) 41...Ra7 42.Rxh7 Ra2+ 43.Ke1 ( 43.Kg1 Be4 { ! }
44.Nxe4 Nf3+ 45.Kh1 Rh2# ) ( 43.Kg3 f4+ 44.Kh3 Ra1 45.Bg2 Bxg2+ 46.Kxg2 f3+
47.Kf2 Ra2+ 48.Kf1 Nf5 49.Ng4 e4 { ??+ } ) 43...Rh2 44.Bd3 e4 45.Rd7 e3 { ! }
0-1

[Event "Ch Sweden (team) 1999/00"]
[Site "masterchessopen.com Sweden"]
[Round "8"]
[White "Adler Bo (SWE)"]
[Black "Couso Luis (SWE)"]
[Result "0-1"]
[WhiteElo "2245"]
[BlackElo "2327"]

1.d4 Nf6 2.c4 e6 3.Nc3 Bb4 4.a3 Bxc3+ 5.bxc3 c5 6.f3 d5 7.cxd5 Nxd5 8.Qd3 Nc6
9.e4 Nde7 10.Be3 Qa5 11.Kf2 O-O 12.f4 f5 13.e5 Nd5 14.Bd2 cxd4 15.cxd4 Qa4
16.Nf3 Bd7 17.Be2 Nce7 18.Rab1 Rfc8 19.Rxb7 Nb6 20.Qa6 Ned5 21.Qxa4 Bxa4
22.Ba6 Rc2 23.Bd3 Rb2 24.Rc1 Nxf4 25.Rcc7 Nxd3+ 26.Ke3 Nd5+ 27.Kxd3 Bb5+
28.Rxb5 Rxb5 29.Rd7 Rb3+ 30.Ke2 h6 31.Ne1 Rxa3 32.Nd3 Ra2 33.Nc5 Nb6 34.Rc7
Nc4 35.Nb3 Rb8 36.Rxc4 Rxb3 37.Rc8+ Kf7 38.Rc7+ Ke8 {#R} 0-1

[Event "It (open)"]
[Site "masterchessopen.com Tampere (Finland)"]
[Round "1"]
[White "Salmela Hannu (FIN)"]
[Black "Agopov Mikael (FIN)"]
[Result "0-1"]
[WhiteElo "2047"]
[BlackElo "2399"]

1.d4 Nf6 2.c4 e6 3.Nc3 Bb4 4.f3 d5 5.a3 Bxc3+ 6.bxc3 c5 7.cxd5 exd5 8.e3 Bf5
9.Bd3 Bxd3 10.Qxd3 O-O 11.Ne2 Re8 12.O-O Nc6 13.Ng3 Qd7 14.Ra2 Rad8 15.Re2 Na5
16.Rd1 Nb3 17.Bb2 Qa4 18.e4 dxe4 19.fxe4 cxd4 20.cxd4 Nc5 21.Qb1 Ncxe4 22.Nxe4
Rxe4 23.Rde1 Rxe2 24.Rxe2 Re8 25.Qe1 Rxe2 26.Qxe2 Kf8 27.h3 Qe8 28.Qc4 Qc6
29.Qd3 Qe4 30.Qc4 g6 31.Qc3 b6 32.a4 Nd5 33.Ba3+ Kg7 34.Qd2 Qe3+ 35.Qxe3 Nxe3
36.Kf2 Nc4 37.Bc1 Kf6 38.Kf3 Ke6 39.Ke4 Nd6+ 40.Kd3 Kd5 41.Bf4 h5 42.Be5 a6
43.Kc3 f6 44.Bh2 b5 45.axb5 Nxb5+ 46.Kb4 Nxd4 47.Ka5 Nf5 48.Bc7 Ne3 49.g3 Ke4
{#R} 0-1